Die Loblieder (Hodayot) aus Qumran: Hebräisch mit masoretischer Punktation und deutscher Übersetzung, Einführung und Anmerkungen
Deckblatt -- Titelseite -- Impressum -- Inhalt -- Vorwort -- Einführung -- 1. Überblick -- 2. Textüberlieferung -- 3. Aufbau der Sammlung -- 4. Bezüge -- 5. Hinweise zu dieser Studienausgabe -- 6. Literaturhinweise -- 1QH - Text und Übersetzung -- Anhang: 4QHa 8 i 13 - ii 9 -- Anmerkungen.
MARC
| LEADER | 00000cam a22000002c 4500 | ||
|---|---|---|---|
| 001 | 166987088X | ||
| 003 | DE-627 | ||
| 005 | 20251225215039.0 | ||
| 007 | cr uuu---uuuuu | ||
| 008 | 190723s2019 xx |||||o 00| ||ger c | ||
| 020 | |a 9783170354746 |9 978-3-17-035474-6 | ||
| 035 | |a (DE-627)166987088X | ||
| 035 | |a (DE-599)KEP044147082 | ||
| 035 | |a (EBL)EBL5764395 | ||
| 035 | |a (EBC)EBC5764395 | ||
| 035 | |a (DE-627-1)044147082 | ||
| 040 | |a DE-627 |b ger |c DE-627 |e rda | ||
| 041 | |a ger | ||
| 072 | 7 | |a 9540 |2 wsb | |
| 072 | 7 | |a REL006630 |2 bisacsh | |
| 082 | 0 | |a 221.6 |2 23 | |
| 084 | |a 1 |2 ssgn | ||
| 084 | |a BC 8910 |q SEPA |2 rvk |0 (DE-625)rvk/9804: | ||
| 084 | |a 11.21 |2 bkl | ||
| 100 | 1 | |e VerfasserIn |0 (DE-588)123093597 |0 (DE-627)082342970 |0 (DE-576)293552517 |4 aut |a Dahmen, Ulrich |d 1961- | |
| 109 | |a Dahmen, Ulrich 1961- | ||
| 240 | 1 | 0 | |a Hodayot |g Qumrantexte |0 (DE-588)4160315-1 |0 (DE-627)105478733 |0 (DE-576)209856823 |
| 245 | 1 | 4 | |a Die Loblieder (Hodayot) aus Qumran |b Hebräisch mit masoretischer Punktation und deutscher Übersetzung, Einführung und Anmerkungen |c Ulrich Dahmen |
| 264 | 1 | |a Stuttgart |b Kohlhammer Verlag |c 2019 | |
| 264 | 4 | |c ©2019 | |
| 300 | |a 1 online resource (134 pages) | ||
| 336 | |a Text |b txt |2 rdacontent | ||
| 337 | |a Computermedien |b c |2 rdamedia | ||
| 338 | |a Online-Ressource |b cr |2 rdacarrier | ||
| 500 | |a Description based on publisher supplied metadata and other sources | ||
| 520 | |a Deckblatt -- Titelseite -- Impressum -- Inhalt -- Vorwort -- Einführung -- 1. Überblick -- 2. Textüberlieferung -- 3. Aufbau der Sammlung -- 4. Bezüge -- 5. Hinweise zu dieser Studienausgabe -- 6. Literaturhinweise -- 1QH - Text und Übersetzung -- Anhang: 4QHa 8 i 13 - ii 9 -- Anmerkungen. | ||
| 601 | |a Loblied | ||
| 601 | |a Hebräisch | ||
| 601 | |a Deutsche | ||
| 601 | |a Einführung | ||
| 650 | 4 | |a Bible.-Old Testament-Criticism, interpretation, etc., Jewish | |
| 650 | 4 | |a Electronic books | |
| 652 | |a HB |b DDCoderRVK | ||
| 655 | 7 | |a Quelle |0 (DE-588)4135952-5 |0 (DE-627)105661236 |0 (DE-576)209665084 |2 gnd-content | |
| 689 | 0 | 0 | |d u |0 (DE-588)4160315-1 |0 (DE-627)105478733 |0 (DE-576)209856823 |a Hodayot |2 gnd |g Qumrantexte |
| 689 | 0 | |5 DE-101 | |
| 689 | 1 | 0 | |d u |0 (DE-588)109636719X |0 (DE-627)856751995 |0 (DE-576)444497374 |a Hymnenrolle |2 gnd |
| 689 | 1 | |5 (DE-627) | |
| 689 | 2 | 0 | |d u |0 (DE-588)109636719X |0 (DE-627)856751995 |0 (DE-576)444497374 |a Hymnenrolle |2 gnd |
| 689 | 2 | 1 | |d u |0 (DE-588)4160315-1 |0 (DE-627)105478733 |0 (DE-576)209856823 |a Hodayot |2 gnd |g Qumrantexte |
| 689 | 2 | |5 (DE-627) | |
| 776 | 1 | |z 9783170354739 | |
| 776 | 0 | 8 | |i Erscheint auch als |n Druck-Ausgabe |a Dahmen, Ulrich, 1961 - |t Die Loblieder (Hodayot) aus Qumran |b 1. Auflage |d Stuttgart : Verlag W. Kohlhammer, 2019 |h 133 Seiten |w (DE-627)1020925655 |z 9783170354739 |k Non-Electronic |
| 787 | 0 | 8 | |i Rezensiert in |a Schuller, Eileen M., 1946 - |t [Rezension von: Dahmen, Ulrich, 1961-, Die Loblieder (Hodayot) aus Qumran : Hebräisch mit masoretischer Punktation und deutscher Übersetzung, Einführung und Anmerkungen] |d 2021 |w (DE-627)1749045966 |
| 787 | 0 | 8 | |i Rezensiert in |a Urbanz, Werner, 1974 - |t [Rezension von: Dahmen, Ulrich, 1961-, Die Loblieder (Hodayot) aus Qumran : Hebräisch mit masoretischer Punktation und deutscher Übersetzung, Einführung und Anmerkungen] |d 2021 |w (DE-627)1860495710 |
| 856 | 4 | 0 | |u https://ebookcentral.proquest.com/lib/kxp/detail.action?docID=5764395 |m X:EBC |x Aggregator |z lizenzpflichtig |7 1 |
| 912 | |a ZDB-30-PQE | ||
| 935 | |a BIIN | ||
| 936 | r | v | |a BC 8910 |b Textausgaben, Kommentare (auch für einzelne Funde) |k Theologie und Religionswissenschaften |k Bibelwissenschaft |k Israel und das biblische Palästina |k Qumran |k Textausgaben, Kommentare (auch für einzelne Funde) |0 (DE-627)1270714104 |0 (DE-625)rvk/9804: |0 (DE-576)200714104 |
| 936 | b | k | |a 11.21 |j Prärabbinisches Judentum |q SEPA |0 (DE-627)106402803 |
| 951 | |a BO | ||
| BIB | |a 1 | ||
| ELC | |a 1 | ||
| LOK | |0 000 xxxxxcx a22 zn 4500 | ||
| LOK | |0 001 3927401986 | ||
| LOK | |0 003 DE-627 | ||
| LOK | |0 004 166987088X | ||
| LOK | |0 005 20210511080045 | ||
| LOK | |0 008 210511||||||||||||||||ger||||||| | ||
| LOK | |0 040 |a DE-Tue135-1 |c DE-627 |d DE-Tue135-1 | ||
| LOK | |0 852 |a DE-Tue135-1 | ||
| LOK | |0 852 1 |m p |9 00 | ||
| LOK | |0 935 |a inmo | ||
| LOK | |0 938 |k p | ||
| LOK | |0 939 |a 11-05-21 |b l01 | ||
| ORI | |a SA-MARC-ixtheoa001.raw | ||
| REL | |a 1 | ||
| STA | 0 | 0 | |a Hymns of praise |
| SUB | |a BIB |a REL | ||
| SYG | 0 | 0 | |a Hôdājôt,Loblieder , 1QH,1QHa,1QH a,1QHodayot,1QHodayota,1QHodayot a,1QH Hodayot , 1QH,1QHa,1QH a,1QHodayot,1QHodayota,1QHodayot a,1QH Hodayot , Hôdājôt,Loblieder |



